FIFA Club World Cup 2025 First XI - Statistics

General Stats
  • This quiz has been taken 54 times
  • The average score is 121 of 352
Answer Stats
Club Position Nationality Player % Correct
Paris Saint-Germain RB Achraf Hakimi
98%
Paris Saint-Germain LB Nuno Mendes
98%
Atlético Madrid FW Antoine Griezmann
95%
Paris Saint-Germain DM Vitinha
95%
Paris Saint-Germain FW Désiré Doué
93%
Paris Saint-Germain CM Fabián Ruiz Peña
93%
Atlético Madrid GK Jan Oblak
93%
Paris Saint-Germain CM João Neves
93%
Paris Saint-Germain FW Khvicha Kvaratskhelia
93%
Paris Saint-Germain CB Marquinhos
93%
Paris Saint-Germain FW Gonçalo Ramos
91%
Bayern Munich FW Harry Kane
91%
Bayern Munich DM Joshua Kimmich
91%
Atlético Madrid FW Julián Álvarez
91%
Seattle Sounders CB Kim Kee-hee
91%
Ulsan Hyundai CB Kim Young-gwon
91%
Monterrey CB Sergio Ramos
91%
Paris Saint-Germain CB Willian Pacho
91%
Porto GK Cláudio Ramos
88%
Paris Saint-Germain GK Gianluigi Donnarumma
88%
Bayern Munich GK Manuel Neuer
88%
Al-Hilal DM Rúben Neves
88%
Ulsan Hyundai RM Ko Seungbeom
86%
Chelsea LB Marc Cucurella
86%
Chelsea DM Moisés Caicedo
86%
Chelsea AM Cole Palmer
84%
Inter Miami FW Lionel Messi
84%
Inter Miami FW Luis Suárez
84%
Bayern Munich AM Michael Olise
84%
Chelsea RB Reece James
84%
Chelsea GK Robert Sánchez
84%
Manchester City GK Ederson
81%
Manchester City FW Jeremy Doku
81%
Bayern Munich AM Kingsley Coman
81%
Internazionale FW Lautaro Martínez
81%
Manchester City FW Omar Marmoush
81%
Atlético Madrid CB Clément Lenglet
79%
Chelsea FW Nicolas Jackson
79%
Real Madrid AM Rodrygo
79%
Real Madrid DM Federico Valverde
77%
Atlético Madrid RW Giuliano Simeone
77%
Borussia Dortmund GK Gregor Kobel
77%
Bayern Munich LB Raphaël Guerreiro
77%
Real Madrid GK Thibaut Courtois
77%
Real Madrid DM Aurélien Tchouaméni
74%
Real Madrid AM Jude Bellingham
74%
Atlético Madrid RB Marcos Llorente
74%
Chelsea AM Pedro Neto
74%
Atlético Madrid CB Robin Le Normand
74%
Atlético Madrid CM Rodrigo De Paul
74%
Real Madrid RB Trent Alexander-Arnold
74%
Internazionale CB Alessandro Bastoni
72%
Bayern Munich CB Jonathan Tah
72%
Manchester City CB Nathan Aké
72%
Inter Miami CM Sergio Busquets
72%
Borussia Dortmund FW Serhou Guirassy
72%
Manchester City DM Tijjani Reijnders
72%
Internazionale GK Yann Sommer
72%
Bayern Munich CB Josip Stanišić
70%
Internazionale CM Nicolò Barella
70%
Bayern Munich DM Aleksandar Pavlovic
67%
Internazionale CB Benjamin Pavard
67%
Ulsan Hyundai GK Jo Hyeon-woo
67%
Borussia Dortmund CM Julian Brandt
67%
Borussia Dortmund CM Marcel Sabitzer
67%
Real Madrid FW Gonzalo García
65%
Borussia Dortmund RM Julian Ryerson
65%
Borussia Dortmund FW Karim Adeyemi
65%
Juventus AM Kenan Yıldız
65%
Manchester City RB Rico Lewis
65%
Fluminense CB Thiago Silva
65%
Benfica FW Vangelis Pavlidis
65%
Juventus DM Weston McKennie
65%
Al-Hilal GK Yassine Bounou
65%
Benfica FW Ángel Di María
63%
Benfica CB António Silva
63%
Real Madrid CB Dean Huijsen
63%
Real Madrid LB Fran Garcia
63%
Juventus DM Khéphren Thuram
63%
Chelsea CB Levi Colwill
63%
Borussia Dortmund CB Niklas Süle
63%
Manchester City CM Phil Foden
63%
Borussia Dortmund CB Ramy Bensebaini
63%
Chelsea DM Roméo Lavia
63%
Internazionale CB Francesco Acerbi
60%
Internazionale CM Henrikh Mkhitaryan
60%
Al-Hilal RB João Cancelo
60%
Al-Hilal AM Sergej Milinković-Savić
60%
Al-Hilal CB Kalidou Koulibaly
58%
Urawa Red Diamonds AM Matheus Sávio
58%
Atlético Madrid CM Pablo Barrios
58%
Manchester City CM Rayan Cherki
58%
Manchester City FW Sávio
58%
Real Madrid AM Vinicius Júnior
58%
Juventus GK Michele Di Gregorio
56%
Bayern Munich RB Sacha Boey
56%
Bayern Munich AM Thomas Müller
56%
Benfica LB Álvaro Carreras
53%
Benfica CB Nicolás Otamendi
53%
Manchester City LB Nico O’Reilly
53%
Chelsea CB Tosin Adarabioyo
53%
Borussia Dortmund CB Waldemar Anton
53%
Juventus AM Francisco Conceição
51%
Real Madrid CB Raúl Asencio
51%
River Plate CM Ignacio Fernández
49%
Juventus CB Lloyd Kelly
49%
Internazionale RM Matteo Darmian
49%
Juventus FW Randal Kolo Muani
49%
Al-Hilal LB Renan Lodi
49%
Benfica GK Anatolii Trubin
47%
LAFC GK Hugo Lloris
47%
Chelsea AM Noni Madueke
47%
Juventus CB Pierre Kalulu
47%
Atlético Madrid LW Samuel Lino
47%
Internazionale LM Carlos Augusto
44%
Borussia Dortmund LM Daniel Svensson
44%
Botafogo FW Igor Jesus
44%
Internazionale CM Kristjan Asllani
44%
Porto AM Rodrigo Mora
44%
Juventus DM Alberto costa
42%
Boca Juniors CB Ayrton Costa
42%
Manchester City CB Vitor Reis
42%
Palmeiras FW Vitor Roque
42%
Pachuca LB Bryan González
40%
Palmeiras CB Gustavo Gómez
40%
Atlético Madrid LB Javi Galán
40%
Porto DM João Mário Lopes
40%
Botafogo GK John
40%
Internazionale FW Sebastiano Esposito
40%
LAFC FW Denis Bouanga
37%
Benfica CM Fredrik Aursnes
37%
Palmeiras DM Richard Ríos
37%
Porto FW Samu Omorodion
37%
Boca Juniors CM Ander Herrera
35%
Flamengo AM Giorgian De Arrascaeta
35%
Flamengo CB Léo Pereira
35%
Al-Hilal AM Malcom
35%
Al-Hilal FW Marcos Leonardo
35%
Juventus DM Andrea Cambiaso
33%
Pachuca CB Federico Pereira
33%
Porto DM Gabriel Veiga
33%
Fluminense FW Jhon Arias
33%
Flamengo DM Jorginho
33%
Al-Hilal DM Nasser Al-Dawsari
33%
Al-Hilal AM Salem Al-Dawsari
33%
Palmeiras GK Wéverton
33%
Porto CB Zé Pedro Figueiredo
33%
Porto DM Alan Varela
30%
River Plate DM Enzo Pérez
30%
Benfica DM Florentino Luís
30%
Flamengo RB Guillermo Varela
30%
Flamengo FW Pedro
30%
Palmeiras DM Aníbal Moreno
28%
Monterrey DM Jorge Agustín Rodríguez
28%
Pachuca RB Luis Alfonso Rodríguez
28%
Porto CB Martim Fernandes
28%
Benfica CM Renato Sanches
28%
Pachuca GK Carlos Moreno
26%
Palmeiras DM Felipe Anderson
26%
Botafogo CB Jair Cunha
26%
Palmeiras DM Joaquín Piquerez
26%
Monterrey DM Óliver Torres
26%
Borussia Dortmund CM Pascal Groß
26%
Pachuca FW Salomón Rondón
26%
Al Ahly AM Trézéguet
26%
Flamengo GK Agustín Rossi
23%
Botafogo LB Alex Telles
23%
Fluminense GK Fábio
23%
River Plate GK Franco Armani
23%
Ulsan Hyundai LM Lee Chung-yong
23%
River Plate LB Marcos Acuña
23%
Inter Miami LB Noah Allen
23%
Inter Miami GK Óscar Ustari
23%
Mamelodi Sundowns GK Ronwen Williams
23%
Monterrey AM Sergio Canales
23%
Palmeiras CB Agustín Giay
21%
Porto CB Iván Marcano
21%
River Plate CB Lucas Martínez Quarta
21%
Flamengo AM Luiz Araújo
21%
Boca Juniors FW Miguel Merentiel
21%
Seattle Sounders DM Obed Vargas
21%
Botafogo CB Alexander Barboza
19%
Botafogo RW Artur
19%
Boca Juniors LW Carlos Palacios
19%
Pachuca DM Elias Montiel
19%
Al Ahly AM Emam Ashour
19%
Flamengo DM Erick Pulgar
19%
Monterrey GK Esteban Andrada
19%
River Plate FW Facundo Colidio
19%
River Plate CB Germán Pezzella
19%
River Plate RB Gonzalo Montiel
19%
LAFC DM Igor
19%
Botafogo LW Jefferson Savarino
19%
Boca Juniors RB Luis Advíncula
19%
Fluminense CM Martinelli
19%
Al Ain CM Matías Palacios
19%
Palmeiras AM Mauricio
19%
RB Salzburg LW Oscar Gloukh
19%
Al Ain CM Park Yong-woo
19%
Benfica RB Samuel Dahl
19%
Inter Miami LW Telasco Segovia
19%
Botafogo RB Vitinho
19%
Al Ahly FW Wessam Abou Ali
19%
Fluminense FW Agustín Canobbio
16%
Palmeiras AM Estêvão Willian
16%
River Plate FW Franco Mastantuono
16%
Flamengo AM Gerson
16%
Mamelodi Sundowns DM Marcelo Allende
16%
Inter Miami CB Maximiliano Falcón
16%
Al Ahly GK Mohamed El-Shenawy
16%
Porto DM Moura
16%
River Plate FW Sebastián Driussi
16%
Al Ain FW Soufiane Rahimi
16%
Monterrey CB Stefan Medina
16%
Inter Miami RW Tadeo Allende
16%
Al Ahly CB Yasser Ibrahim
16%
Al Ain RB Abdoul Karim Traoré
14%
Boca Juniors GK Agustín Marchesín
14%
Flamengo LB Ayrton Lucas
14%
RB Salzburg FW Edmund Baidoo
14%
Porto AM Fabio Vieira
14%
Inter Miami CM Federico Redondo
14%
Monterrey FW Germán Berterame
14%
Botafogo CM Gregore
14%
Fluminense DM Hércules
14%
Seattle Sounders AM Jesús Ferreira
14%
River Plate CM Kevin Castaño
14%
Boca Juniors RW Kevin Zenon
14%
Al Ain FW Kodjo Fo-Doh Laba
14%
Boca Juniors LB Lautaro Blanco
14%
Flamengo CB Leo Ortiz
14%
Monterrey FW Lucas Ocampos
14%
Mamelodi Sundowns AM Lucas Ribeiro
14%
RB Salzburg CM Mads Bidstrup
14%
Botafogo CM Marlon Freitas
14%
Al Ahly DM Marwan Attia
14%
Al Ahly RB Mohamed Hany
14%
RB Salzburg FW Petar Ratkov
14%
Al Ain CB Ramy Rabia
14%
Espérance Tunis FW Rodrigo Rodrigues
14%
Fluminense RB Samuel Xavier
14%
Seattle Sounders GK Stefan Frei
14%
Inter Miami CB Tomás Avilés
14%
Espérance Tunis AM Youcef Belaïli
14%
Al Ahly CB Achraf Dari
12%
Boca Juniors FW Alan Velasco
12%
Seattle Sounders AM Albert Rusnák
12%
Benfica FW Bruma
12%
Mamelodi Sundowns FW Iqraam Rayners
12%
Seattle Sounders CB Jackson Ragen
12%
Boca Juniors CB Jorge Figal
12%
Fluminense CB Juan Freytes
12%
Al Ain CM Kaku
12%
Pachuca AM Kenedy
12%
RB Salzburg CB Kouakou Gadou
12%
Al Ahly DM Mohamed Ali Ben Romdhane
12%
Espérance Tunis RB Mohamed Ben Ali
12%
Juventus CB Nicolò Savona
12%
Seattle Sounders LB Nouhou Tolo
12%
Boca Juniors CM Rodrigo Battaglia
12%
Al Ain GK Rui Patrício
12%
Seattle Sounders AM Ryan Kent
12%
Urawa Red Diamonds AM Ryoma Watanabe
12%
Ulsan Hyundai CB Seo Myungguan
12%
RB Salzburg RB Stefan Lainer
12%
Urawa Red Diamonds AM Takuro Kaneko
12%
Mamelodi Sundowns DM Teboho Mokoena
12%
LAFC CB Aaron Long
9%
Al Ahly LB Ahmed Nabil Koka
9%
Seattle Sounders RB Alex Roldan
9%
Auckland City GK Conor Tracey
9%
Seattle Sounders DM Cristian Roldan
9%
Urawa Red Diamonds CB Danilo Boza
9%
Ulsan Hyundai CM Darijan Bojanić
9%
Al Ain LB Facundo Zabala
9%
Monterrey DM Gerardo Arteaga
9%
Mamelodi Sundowns CB Grant Kekana
9%
Ulsan Hyundai LB Gustav Ludwigson
9%
Al Ahly DM Hamdy Fathy
9%
Al-Hilal CB Hassan Al Tambakti
9%
Inter Miami RB Ian Fray
9%
Ulsan Hyundai CM Jung Woo-young
9%
Urawa Red Diamonds DM Kaito Yasui
9%
Mamelodi Sundowns RB Khuliso Mudau
9%
Urawa Red Diamonds CB Marius Høibråten
9%
LAFC CM Marky Delgado
9%
Ulsan Hyundai CB Miłosz Trojak
9%
LAFC FW Nathan Ordaz
9%
Fluminense CM Nonato
9%
Fluminense LB Renê
9%
LAFC LB Ryan Hollingshead
9%
Urawa Red Diamonds DM Samuel Gustafson
9%
Urawa Red Diamonds GK Shusaku Nishikawa
9%
LAFC CM Timmy Tillman
9%
Ulsan Hyundai RB Um Wonsang
9%
Monterrey CB Víctor Guzmán
9%
Espérance Tunis AM Yan Sasse
9%
Urawa Red Diamonds FW Yusuke Matsuo
9%
Auckland City CB Adam Mitchell
7%
Pachuca AM Agustín Palavecino
7%
Mamelodi Sundowns AM Arthur Sales
7%
Espérance Tunis GK Bechir Ben Said
7%
Seattle Sounders FW Daniel Musovski
7%
Auckland City RM David Yoo
7%
Mamelodi Sundowns LB Divine Lunga
7%
Auckland City LM Dylan Manickum
7%
LAFC CB Eddie Segura
7%
Ulsan Hyundai FW Erick
7%
Auckland City CM Gerard Garriga
7%
Botafogo FW Gonzalo Mastriani
7%
Urawa Red Diamonds RB Hirokazu Ishihara
7%
RB Salzburg CB Jacob Rasmussen
7%
LAFC FW Jeremy Ebobisse
7%
Mamelodi Sundowns CB Keanu Cupido
7%
Al Ain CB Marcel Ratnik
7%
Auckland City CM Mario Ilich
7%
Auckland City CB Michael den Heijer
7%
Espérance Tunis LB Mohamed Amine Ben Hamida
7%
Espérance Tunis CB Mohamed Amine Tougai
7%
Auckland City LB Nathan Lobo
7%
RB Salzburg RW Nene Dorgeles
7%
Auckland City CB Nikko Boxall
7%
Wydad AC RM Nordin Amrabat
7%
Pachuca DM Pedro Pedraza
7%
LAFC RB Sergi Palencia
7%
Mamelodi Sundowns AM Themba Zwane
7%
Espérance Tunis CB Yassine Meriah
7%
Urawa Red Diamonds LB Yoichi Naganuma
7%
Wydad AC CB Abdelmounaim Boutouil
5%
Pachuca AM Alexei Dominguez
5%
Wydad AC FW Cassius Mailula
5%
Espérance Tunis AM Chiheb Jebali
5%
RB Salzburg GK Christian Zawieschitzky
5%
Pachuca CB Eduardo Gabriel
5%
Wydad AC RB Fahd Moufi
5%
RB Salzburg LB Frans Krätzig
5%
Wydad AC CB Guilherme Oliveira
5%
Espérance Tunis DM Khalil Guenichi
5%
Palmeiras CB Murilo Cerqueira
5%
Auckland City FW Myer Bevan
5%
Espérance Tunis DM Onuche Ogbelu
5%
Wydad AC CM Oussama Zemraoui
5%
Auckland City RB Regont Murati
5%
Wydad AC LM Thembinkosi Lorch
5%
RB Salzburg CM Valentin Sulzbacher
5%
Wydad AC CB Bart Meijers
2%
Wydad AC GK El Mehdi Benabid
2%
Wydad AC CM El Mehdi El Moubarik
2%
Fluminense FW Everaldo Stum
2%
Al Ain CB Kouame Kouadio
2%
Wydad AC LB Mohamed Moufid
2%
Monterrey DM Ricardo Chávez Soto
2%
No matching quizzes found
Score Distribution
Percent of People with Each Score
Percentile by Number Answered
Your Score History
You have not taken this quiz